| 000 | 00630nam a2200205 a 4500 | ||
|---|---|---|---|
| 005 | 20140310183311.0 | ||
| 008 | 051010s19uu xx 00 eng d | ||
| 020 | _a9780761972013 | ||
| 050 |
_aHM 1206 _b.K78 2005 |
||
| 100 | _aKrug, Gary | ||
| 245 |
_aCommunication, technology and cultural change / _cGary Krug. |
||
| 260 |
_aLondon : _bSage Publications Ltd, _c2005. |
||
| 300 |
_a241 p. : _c23 cm. |
||
| 521 | _aMC | ||
| 650 |
_aCommunication _xSocial aspects. |
||
| 650 |
_aCommunication _xTechnological innovations _xHistory. |
||
| 650 |
_aTelecommunication _xSocial aspects. |
||
| 942 |
_cBK _2lcc _kFOR |
||
| 999 |
_c21154 _d21154 |
||